6-Letter Vocabulary (Easy) Quiz Stats

 Plays Quiz Updated Jun 25, 2017

Support Sporcle.
Go Orange.
Score 0/25 Timer 03:00
0 Plays Today
% Correct
eleven
95.2%
orange
95.1%
dollar
95%
winter
95%
trophy
94.9%
lawyer
94.9%
victim
94.9%
weight
94.9%
school
94.8%
pencil
94.8%
recipe
94.7%
forget
94.6%
picnic
94.6%
% Correct
muscle
94.5%
airbag
94.5%
beaver
94.2%
juggle
94.1%
afraid
94%
follow
93.8%
office
93.6%
safety
93.6%
nation
93.4%
supper
93.2%
manner
93.1%
recess
91.5%

You're not logged in!

Compare scores with friends on all Sporcle quizzes.
OR
Log In
Forgot?

From the Vault

Gimme Five: History & Government II

by MSUKent

Uncle Sam wants you...to give him a high five.
Remove Ads.
Support Sporcle.
Get the best of Sporcle when you Go Orange. This ad-free experience offers more features, more stats, and more fun while also helping to support Sporcle. Thank you for becoming a member.

Show Comments

Extras

Top Quizzes Today


Score Distribution

Your Account Isn't Verified!

In order to create a playlist on Sporcle, you need to verify the email address you used during registration. Go to your Sporcle Settings to finish the process.

Report this User

Report this user for behavior that violates our Community Guidelines.

Details: